| 000 | 00390nam a22001337a 4500 | ||
|---|---|---|---|
| 020 | _a9787201140841 | ||
| 082 | _a335.4345 | ||
| 100 | _aChen Xueming | ||
| 245 |
_aThe Chinese path: considering its global relevance _cChen Xueming |
||
| 260 |
_aChina _bTianjin People's publishing House _c2018 |
||
| 300 | _a273p | ||
| 942 |
_2ddc _cBK |
||
| 999 |
_c586522 _d586522 |
||